| 000 | 00409 a2200157 4500 | ||
|---|---|---|---|
| 001 | 62712 | ||
| 020 | _a9783192416514 | ||
| 040 | _cAnchieta - Pituba | ||
| 100 | _aGerbes, Johannes | ||
| 240 | 1 | 0 |
_aFit furs zertifikat B1 _lpor |
| 245 | 1 | 0 | _aFit furs zertifikat B1 |
| 300 | _a168 | ||
| 362 | 0 | _a2014 | |
| 650 | 4 | _a Uso padrão da língua alemã (prescptiva linguística - proficiência alemã) | |
| 942 | _cBK | ||
| 999 |
_c62712 _d62712 |
||